000 00448cam a2200181ua 4500
020 _c5.90
041 _aeng
_h
082 _a542
_bBRO/PR
100 _aBrown, Michael .
245 _aPractical inorganic and organic problems /
_cMichael Brown.
_hTextual Documents
250 _a1 /
_b.
260 _aLondon :
_bLongman Green and Co ,
_c1962.
300 _a64 ; .
365 _a5.90
504 _a
942 _cBK
999 _c9317
_d9317